Action to protect our iconic trees from disease (Record no. 84411)

MARC details
000 -LEADER
fixed length control field 01046cad a22002175a 4500
001 - CONTROL NUMBER
control field L157560
008 - FIXED-LENGTH DATA ELEMENTS--GENERAL INFORMATION
fixed length control field 130117e2013 xxk 000 0 eng d
035 ## - SYSTEM CONTROL NUMBER
System control number (Sirsi) u157560
041 0# - LANGUAGE CODE
Language code of text/sound track or separate title eng
110 2# - MAIN ENTRY--CORPORATE NAME
Corporate name or jurisdiction name as entry element United Kingdom
Subordinate unit Department for Environment Food and Rural Affairs
245 00 - TITLE STATEMENT
Title Action to protect our iconic trees from disease
Medium [electronic resource]
260 ## - PUBLICATION, DISTRIBUTION, ETC.
Date of publication, distribution, etc. 2013
490 ## - SERIES STATEMENT
Series statement DEFRA News Release
Volume/sequential designation 16 January 2013
520 ## - SUMMARY, ETC.
Summary, etc. New regulations come into force to track the import of oak, ash, sweet chestnut and plane trees from countries within the EU to protect trees in the UK against pests and diseases. This will allow plant health inspectors to target their inspections and to track saplings tp see if there are any suspicions that they carry a pest or disease.
590 ## - LOCAL NOTE (RLIN)
Local note KA
651 #4 - SUBJECT ADDED ENTRY--GEOGRAPHIC NAME
Geographic name United Kingdom
690 ## - LOCAL SUBJECT ADDED ENTRY--TOPICAL TERM (OCLC, RLIN)
Topical term or geographic name as entry element Environment
9 (RLIN) 6238
690 ## - LOCAL SUBJECT ADDED ENTRY--TOPICAL TERM (OCLC, RLIN)
Topical term or geographic name as entry element Rural
9 (RLIN) 6268
856 40 - ELECTRONIC LOCATION AND ACCESS
Uniform Resource Identifier <a href="https://www.defra.gov.uk/news/2013/01/16/protect-trees-disease/">https://www.defra.gov.uk/news/2013/01/16/protect-trees-disease/</a>
Public note View the news release free of charge at www.defra.gov.uk
942 ## - ADDED ENTRY ELEMENTS (KOHA)
Suppress in OPAC 0
Holdings
Withdrawn status Lost status Source of classification or shelving scheme Damaged status Not for loan Home library Current library Shelving location Date acquired Total Checkouts Full call number Barcode Date last seen Copy number Price effective from Koha item type
    Dewey Decimal Classification     Virtual Virtual Online 17/01/2013   ONLINE PUBLICATION 157560-2001 06/08/2019 1 06/08/2019 Online material